[Event "Asian-ch Amateur (Women)"]
[Site "Isfahan"]
[Date "2016.11.13"]
[Round "2.1"]
[White "Hong, Xing"]
[Black "Pooladi, Anahita"]
[Result "1-0"]
[WhiteElo "2075"]
[BlackElo "1462"]
[PlyCount "63"]
[EventDate "2016.11.12"]
[EventType "swiss"]
[EventRounds "9"]
[EventCountry "IRI"]
[SourceTitle "EXT 2024"]
[Source "ChessBase"]
[SourceDate "2023.10.10"]
[SourceVersion "1"]
[SourceVersionDate "2023.10.10"]
[SourceQuality "1"]

1. e4 c6 2. Nc3 d5 3. Nf3 Bg4 4. h3 Bxf3 5. Qxf3 e6 6. g3 Nf6 7. Bg2 d4 8. Nb1 e5 9. d3 c5 10. Nd2 b5 11. a4 Qa5 12. 0-0 Nbd7 13. Qe2 Nb6 14. Nb3 Qa6 15. axb5 Qxb5 16. Ra5 Qc6 17. f4 Nfd7 18. fxe5 Nxe5 19. Nxd4 cxd4 20. Rxe5+ Be7 21. Qf2 f6 22. Rxe7+ Kxe7 23. e5 Qe6 24. exf6+ Qxf6 25. Qe1+ Qe6 26. Qb4+ Qd6 27. Bg5+ Ke6 28. Re1+ Qe5 29. Qe7+ Kf5 30. Rxe5+ Kg6 31. Qe6+ Kh5 32. Bf3# 1-0